Mois à l'envers (siom) - Statistiques

Statistiques générales
  • Ce quiz a été pris 160 fois
  • Le résultat moyen est 9 sur 12
Statistiques - réponses
Mois % Correct
sram
93%
reivnaj
92%
lirva
90%
iam
89%
niuj
88%
reirvéf
83%
tuoa
81%
telliuj
74%
erbmetpes
55%
erbotco
48%
erbmevon
36%
erbmecéd
32%
Aucun quiz correspondant
Distribution des résultats
% des personnes avec chaque résultat
Percentile par nombre de réponses
Votre historique - résultats
Vous n’avez pas pris ce quiz